Prisoner of war : (Record no. 15636)
[ view plain ]
| 000 -LEADER | |
|---|---|
| fixed length control field | 00818nam a2200205 a 4500 |
| 001 - CONTROL NUMBER | |
| control field | ASIN0753703831 |
| 005 - DATE AND TIME OF LATEST TRANSACTION | |
| control field | 20170105102922.0 |
| 008 - FIXED-LENGTH DATA ELEMENTS--GENERAL INFORMATION | |
| fixed length control field | 131208s2000 xxu eng d |
| 020 ## - INTERNATIONAL STANDARD BOOK NUMBER | |
| International Standard Book Number | 0753703831 (hardcover) |
| 020 ## - INTERNATIONAL STANDARD BOOK NUMBER | |
| International Standard Book Number | 9780753703830 (hardcover) |
| 040 ## - CATALOGING SOURCE | |
| Original cataloging agency | 0 |
| 100 1# - MAIN ENTRY--PERSONAL NAME | |
| Personal name | Reid, Major Pat. |
| 245 10 - TITLE STATEMENT | |
| Title | Prisoner of war : |
| Remainder of title | the inside story of the pow from the ancient world to colditz and after / |
| Statement of responsibility, etc. | Major Pat Reid, Maurice Michael. |
| 260 ## - PUBLICATION, DISTRIBUTION, ETC. | |
| Place of publication, distribution, etc. | [S.l.] : |
| Name of publisher, distributor, etc. | Bounty Books, |
| Date of publication, distribution, etc. | 2000. |
| 300 ## - PHYSICAL DESCRIPTION | |
| Extent | 192 p. ; |
| Dimensions | 25 cm. |
| 520 ## - SUMMARY, ETC. | |
| Summary, etc. | Recounting the personal histories of PoWs from many times and cultures, this book sheds light on a shadowy area of military history. |
| 700 1# - ADDED ENTRY--PERSONAL NAME | |
| Personal name | Michael, Maurice. |
| 856 40 - ELECTRONIC LOCATION AND ACCESS | |
| Materials specified | Amazon.com |
| Uniform Resource Identifier | <a href="http://www.amazon.com/exec/obidos/ASIN/0753703831/chopaconline-20">http://www.amazon.com/exec/obidos/ASIN/0753703831/chopaconline-20</a> |
| 942 ## - ADDED ENTRY ELEMENTS (KOHA) | |
| Source of classification or shelving scheme | |
| Koha item type | Book |
| Withdrawn status | Lost status | Damaged status | Not for loan | Collection code | Permanent Location | Current Location | Shelving location | Date acquired | Total Checkouts | Full call number | Barcode | Date last seen | Price effective from | Koha item type |
|---|---|---|---|---|---|---|---|---|---|---|---|---|---|---|
| Centre for International Peace & Stability (CIPS) | Centre for International Peace & Stability (CIPS) | General Stacks | 10/02/2013 | 355.1296 REI 2000 | CIPS0002203 | 12/09/2013 | 12/09/2013 | Book |
